Clash Royale Kartları Türkçe Quiz - Statistics

General Stats
  • This quiz has been taken 372 times
  • The average score is 58 of 121
Answer Stats
Arena Kart % Correct
Eğitim Kampı Dev
91%
Eğitim Kampı Mini Pekka
90%
Kemik Çukuru iskeletler
85%
P.E.K.K.A. nın oyun evi Pekka
85%
Goblin Stadyumu Goblinler
84%
Eğitim Kampı Şövalye
84%
Eğitim Kampı Okçular
82%
Eğitim Kampı Alev Topu
75%
Barbar Çanağı Barbarlar
74%
Büyü Vadisi Büyücü
74%
Elektrik Vadisi Mega Şövalye
74%
Eğitim Kampı Oklar
74%
Kraliyet Arenası Prens
74%
P.E.K.K.A. nın oyun evi İskelet Ordusu
73%
Eğitim Kampı Silahşör
73%
P.E.K.K.A. nın oyun evi Cadı
71%
Büyü Vadisi Ateş Ruhu
69%
Donmuş Zirve Buz Ruhu
69%
İnşaatçının Atölyesi Domuz Binicisi
69%
Kraliyet Arenası Kraliyet Devi
68%
Barbar Çanağı Top
68%
Elektrik Vadisi Elektro Büyücü
65%
Korkunç Kasaba Mezarlık
64%
Domuz Dağı Golem
63%
Elektrik Vadisi Tomruk
63%
Kemik Çukuru Valkür
62%
Korkunç Kasaba Buz Büyücüsü
61%
Celladın mutfağı Altın Şövalye
60%
Orman Arenası Goblin Çetesi
60%
P.E.K.K.A. nın oyun evi Goblin Fıçısı
60%
Sakin Dağ İksir Golemi
60%
Elektrik Vadisi Prenses
60%
Eğitim Kampı Minyonlar
59%
Elektrik Vadisi Madenci
59%
P.E.K.K.A. nın oyun evi Yavru Ejderha
59%
Donmuş Zirve Yıldırım
59%
İnşaatçının Atölyesi Çarpma
58%
Goblin Stadyumu Goblin Kulübesi
58%
Kraliyet Arenası Kara Prens
58%
Domuz Dağı Tesla
58%
Goblin Stadyumu Mızraklı Goblinler
57%
İnşaatçının Atölyesi Roket
56%
Sakin Dağ Gece Cadısı
55%
Madencinin madeni Yaşlı Cadı
55%
Serserinin Sığınağı Haydut
54%
Orman Arenası Dev Goblin
53%
Büyü Vadisi Elektro Ruh
53%
Kraliyet mezarı Okçu Kraliçe
53%
Donmuş Zirve Dev iskelet
52%
Celladın mutfağı İskelet Kral
52%
Kraliyet Arenası Balon
51%
Donmuş Zirve Buz Golemi
51%
Serserinin Sığınağı Elektro Dev
51%
Goblin Stadyumu Goblin Kafesi
51%
Kemik Çukuru Bombacı
49%
Korkunç Kasaba Elektro Ejderha
49%
Kemik Çukuru Mezar Taşı
49%
Orman Arenası Zehir
49%
Orman Arenası Barbar Kulübesi
47%
Elektrik Vadisi Cehennem Ejderhası
47%
Kraliyet mezarı Boss Haydut
46%
Kraliyet Arenası Kraliyet Domuzları
46%
Donmuş Zirve Şifacı
46%
Kraliyet Arenası Üç Silahşör
46%
Elektrik Vadisi Koç Binicisi
45%
Domuz Dağı Elit Barbarlar
44%
Elektrik Vadisi Kıvılcım
44%
Korkunç Kasaba Kraliyet Hayaleti
44%
Sakin Dağ Cellat
43%
Orman Arenası Dart Goblin
43%
Büyü Vadisi Felaket Kulesi
42%
Huzurluk tapınak Küçük Prens
42%
Domuz Dağı Minyon Sürüsü
42%
Sakin Dağ Öfke
42%
Sakin Dağ Oduncu
41%
Büyü Vadisi Bomba Kulesi
40%
Domuz Dağı Fırın
40%
İnşaatçının Atölyesi Havan
40%
Donmuş Zirve Dondurma
38%
Orman Arenası İskelet Fıçısı
38%
Serserinin Sığınağı İyileştirici Ruh
38%
Serserinin Sığınağı Lav Tazısı
38%
Donmuş Zirve Sarmaşık
38%
Kraliyet mezarı Güçlü Madenci
37%
Barbar Çanağı Koç Başı
37%
Kraliyet Arenası Muhafızlar
37%
Madencinin madeni Top Arabası
37%
Domuz Dağı X-Yayı
37%
İnşaatçının Atölyesi Yarasalar
37%
Madencinin madeni Balıkçı
36%
Serserinin Sığınağı Büyülü Okçu
36%
Korkunç Kasaba Deprem
35%
Serserinin Sığınağı Serseriler
35%
Orman Arenası Yaramaz
35%
Orman Arenası Barbar Fıçısı
33%
Madencinin madeni İksir Toplayıcı
32%
P.E.K.K.A. nın oyun evi Korumalar
32%
Madencinin madeni Ayna
31%
Büyü Vadisi iskelet ejderhalar
31%
Domuz Dağı Avcı
30%
Sakin Dağ Goblin Laneti
30%
Sakin Dağ Kraliyet Paketi
30%
Barbar Çanağı Mega Minyon
30%
Donmuş Zirve Dev Kar Topu
29%
Korkunç Kasaba Duvar Yıkıcılar
29%
Korkunç Kasaba Havai Fişekçi
29%
Madencinin madeni Kasırga
29%
Madencinin madeni Klon
29%
Madencinin madeni Boşluk
28%
Huzurluk tapınak Goblinstein
28%
Orman Arenası Rün Devi
28%
Serserinin Sığınağı Atıcı
27%
Madencinin madeni Goblin Makinesi
26%
İnşaatçının Atölyesi Uçan Makine
24%
Sakin Dağ Köstebek
23%
Madencinin madeni Ruh İmparatoriçesi
22%
Korkunç Kasaba Goblin Yıkıcı
16%
Domuz Dağı Şok Birliği
16%
Serserinin Sığınağı Şüpheli Çalı
16%
Korkunç Kasaba Anka Kuşu
15%
Huzurluk tapınak Keçiş
2%
No matching quizzes found
Score Distribution
Percent of People with Each Score
Percentile by Number Answered
Your Score History
You have not taken this quiz